[Event "Statler & Waldorf Summer Special"]
[Site "SchemingMind.com"]
[Date "2016.06.29"]
[Round "-"]
[White "Diadoco"]
[Black "Clive Everill"]
[Result "1-0"]
[WhiteCountry "MEX"]
[BlackCountry "CZE"]
[WhiteElo "1984"]
[WhiteRD "89"]
[BlackElo "1706"]
[BlackRD "55"]
[GameID "400956"]

1. c4 Nf6 2. Nc3 e6 3. e4 c5 4. e5 Ng8 5. Nf3 Nc6 6. d4 cxd4 7. Nxd4 Nxe5 8. Ndb5 f6 9. Be3 a6 10. Nd6+ Bxd6
11. Qxd6 Ne7 12. Bb6 Nf5 13. Bxd8 Nxd6 14. Bc7 Ndxc4 15. f4 d5 16. fxe5 Kd7 17. Bxc4 Kxc7 18. Bb3 fxe5 19. Rf1 Bd7 20. Rf7 g6
21. Ke2 Raf8 22. Raf1 Rxf7 23. Rxf7 Kd6 24. Bc2 e4 25. Bxe4 dxe4 26. Nxe4+ Kc6 27. Nf6 Bc8 28. Nxh7 b5 29. h3 Bb7 30. Ng5 e5
31. Nf3 e4 32. Ne5+ Kb6 33. Nxg6 Rg8 34. Nf4 Bc6 35. Rf6 Rg3 36. Kf2 Rg5 37. b4 Kb7 38. g4 Re5 39. Ke3 Rg5 40. Ne6 Rg8
41. Nc5+ Kb6 42. Nxe4 Re8 43. Rf4 Rh8 44. Nf2 Bg2 45. g5 Bxh3 46. Nxh3 Rxh3+ 47. Rf3 Rh8 48. g6 Rg8 49. Rf6+ Ka7 50. Kf4 Rc8
51. g7 Rg8 52. Rf7+ Kb6 53. Kf5 a5 54. bxa5+ Kxa5 55. Kg6
1-0

[Event "Statler & Waldorf Summer Special"]
[Site "SchemingMind.com"]
[Date "2016.06.29"]
[Round "-"]
[White "Clive Everill"]
[Black "Diadoco"]
[Result "0-1"]
[WhiteCountry "CZE"]
[BlackCountry "MEX"]
[WhiteElo "1709"]
[WhiteRD "57"]
[BlackElo "1987"]
[BlackRD "102"]
[GameID "400957"]

1. e4 c5 2. Na3 Nc6 3. Bb5 Qc7 4. c3 Nf6 5. Qa4 e5 6. Nf3 Be7 7. O-O O-O 8. d3 d6 9. Bg5 Be6 10. Bxc6 bxc6
11. Qd1 Rab8 12. b3 h6 13. Bd2 d5 14. Re1 Bd6 15. h3 c4 16. Nc2 cxd3 17. Ne3 dxe4 18. Nh2 Nd5 19. Nc4 f5 20. f3 exf3
21. Nxd6 f2+ 22. Kxf2 Qxd6 23. Nf3 e4 24. Nd4 Bd7 25. b4 Rbe8 26. Nb3 f4 27. Kg1 e3 28. c4 exd2 29. Rxe8 Rxe8 30. Qxd2 Ne3
31. Re1 Nxc4 32. Rxe8+ Bxe8 33. Qc3 Bf7 34. Nc5 d2
0-1

[Event "Statler & Waldorf Summer Special"]
[Site "SchemingMind.com"]
[Date "2016.07.03"]
[Round "-"]
[White "Don71"]
[Black "Helga1946"]
[Result "1/2-1/2"]
[WhiteCountry "NIR"]
[BlackCountry "GER"]
[WhiteElo "2304"]
[WhiteRD "86"]
[BlackElo "2264"]
[BlackRD "78"]
[GameID "400963"]

1. e4 c5 2. Nf3 Nc6 3. Nc3 e5 4. Bc4 Be7 5. O-O Nf6 6. d3 d6 7. Bg5 O-O 8. Bxf6 Bxf6 9. Nd5 Bg4 10. c3 Kh8
11. Qe2 Na5 12. Rad1 Rb8 13. a3 b5 14. Ba2 Nc6 15. Rfe1 Bg5 16. h3 Be6 17. d4 cxd4 18. cxd4 exd4 19. Nxd4 Nxd4 20. Rxd4 Bf6
21. Rd2 Be5 22. Qe3 Qh4 23. Qxa7 b4 24. Qe3 bxa3 25. bxa3 Rfc8 26. a4 Rc5 27. Rdd1 g5 28. Rb1 Rbc8 29. Rb5 g4 30. Rxc5 Rxc5
31. g3 Qxh3 32. Rb1 h6= 33. Rd1 Kg8 34. Bb3 Kg7 35. Qd3 Bd7 36. Nb6 Rc3 37. Nxd7= Rxd3 38. Rxd3 Qh5 39. a5 Qg5 40. a6 Qc1+
41. Rd1 Qa3 42. Nxe5 dxe5 43. Bc4 Qc5 44. Bd5 Kf6=
1/2-1/2

[Event "Statler & Waldorf Summer Special"]
[Site "SchemingMind.com"]
[Date "2016.07.04"]
[Round "-"]
[White "Helga1946"]
[Black "Don71"]
[Result "0-1"]
[WhiteCountry "GER"]
[BlackCountry "NIR"]
[WhiteElo "2264"]
[WhiteRD "78"]
[BlackElo "2304"]
[BlackRD "86"]
[GameID "400964"]

1. c4 e5 2. Nc3 Nf6 3. Nf3 Nc6 4. e4 Bb4 5. Be2 O-O 6. d3 d6 7. O-O Bc5 8. Bg5 h6 9. Be3 Re8 10. Nd5 a5
11. Nd2 a4 12. Bxc5 dxc5 13. f4 exf4 14. Rxf4 Nxd5 15. cxd5 Nd4 16. Rf2 c6 17. dxc6 b6 18. Nc4 Nxc6 19. Qc1 Be6 20. Qf4 Re7
21. Rd1 Nd4 22. Bh5 b5 23. Nd6 f6 24. Ra1 Ra6 25. Nf5 Bxf5 26. exf5 Re5 27. Bg4 Qe8 28. Kh1 h5 29. Bh3 Nc2 30. Raf1 Ne3
31. Rg1 Rd6 32. Rd2 Qd7 33. Qf3 Rxd3 34. Rxd3 Qxd3 35. a3 Qd4 36. g4 hxg4 37. Bxg4 Nxg4 38. Qxg4 Qxg4 39. Rxg4 Re2 40. Rg1 Rxb2
0-1

[Event "Statler & Waldorf Summer Special"]
[Site "SchemingMind.com"]
[Date "2016.07.08"]
[Round "-"]
[White "Robert Bruce"]
[Black "Quaff"]
[Result "1-0"]
[WhiteCountry "SCO"]
[BlackCountry "ENG"]
[WhiteElo "2271"]
[WhiteRD "66"]
[BlackElo "1623"]
[BlackRD "64"]
[GameID "401203"]

1. d4 c5 2. d5 d6 3. c4 h6 4. Nc3 e5 5. e4 Ne7 6. Nf3 Ng6 7. h4 Bg4 8. h5 Ne7 9. Qb3 Qd7 10. Rh4 Bxf3
11. gxf3 Na6 12. Bh3 Qc7 13. f4 Nb4 14. Nb5 Qb6 15. a3 Na6 16. Qa4 Kd8 17. Bd2
1-0

[Event "Statler & Waldorf Summer Special"]
[Site "SchemingMind.com"]
[Date "2016.07.09"]
[Round "-"]
[White "Quaff"]
[Black "Robert Bruce"]
[Result "0-1"]
[WhiteCountry "ENG"]
[BlackCountry "SCO"]
[WhiteElo "1623"]
[WhiteRD "64"]
[BlackElo "2271"]
[BlackRD "66"]
[GameID "401204"]

1. e4 c6 2. f4 d5 3. e5 Bf5 4. Nf3 e6 5. d4 h5 6. Bd3 Nh6 7. h3 Be7 8. g3 Na6 9. Bxa6 Qa5+ 10. Bd2 Qxa6
11. a3 Be4 12. Nc3 Nf5
0-1

[Event "Statler & Waldorf Summer Special"]
[Site "SchemingMind.com"]
[Date "2016.07.16"]
[Round "-"]
[White "Jari Laine"]
[Black "JAHI"]
[Result "1-0"]
[WhiteCountry "FIN"]
[BlackCountry "INT"]
[WhiteElo "2290"]
[WhiteRD "94"]
[BlackElo "1998"]
[BlackRD "58"]
[GameID "401451"]

1. c4 g6 2. g3 Bg7 3. Bg2 c6 4. Nc3 a6 5. Qc2 a5 6. d3 b6 7. Be3 Na6 8. h4 f6 9. h5 f5 10. Nf3 e6
11. d4 Nh6 12. Bxh6 Bxh6 13. d5 Qc7 14. Rd1 Bb7 15. dxe6 dxe6 16. Na4 Bg7 17. hxg6
1-0

[Event "Statler & Waldorf Summer Special"]
[Site "SchemingMind.com"]
[Date "2016.07.17"]
[Round "-"]
[White "JAHI"]
[Black "Jari Laine"]
[Result "0-1"]
[WhiteCountry "INT"]
[BlackCountry "FIN"]
[WhiteElo "1998"]
[WhiteRD "58"]
[BlackElo "2290"]
[BlackRD "94"]
[GameID "401452"]

1. g3 f5 2. Bg2 Nf6 3. c3 e5 4. a3 Be7 5. a4 d6 6. b3 c6 7. Na3 Be6 8. Bb2 Qb6 9. b4 a5 10. b5 O-O
11. Nf3 Ng4 12. e3 f4 13. gxf4 exf4 14. Nd4 Bd7 15. Nc4 Qd8 16. e4 Kh8
0-1

[Event "Statler & Waldorf Summer Special"]
[Site "SchemingMind.com"]
[Date "2016.07.27"]
[Round "-"]
[White "Michael Mollenhauer"]
[Black "dadshane2000"]
[Result "0-1"]
[WhiteCountry "GER"]
[BlackCountry "USA"]
[WhiteElo "1488"]
[WhiteRD "114"]
[BlackElo "1903"]
[BlackRD "83"]
[GameID "401782"]

1. e4 c5 2. Nf3 d6 3. d4 cxd4 4. Nxd4 Nf6 5. Nc3 a6 6. Be2 e5 7. Nb3 Be7 8. O-O O-O 9. Be3 Be6 10. Qd2 Nbd7
11. a4 Rc8 12. f3 h6 13. Rfd1 Qc7 14. Nc1 Nb6 15. a5 Nc4 16. Bxc4 Bxc4 17. Bb6 Qd7 18. b3 Be6 19. N1e2 Ne8 20. Rac1 f5
21. exf5 Rxf5 22. Nd5 Bxd5 23. Qxd5+ Kh8 24. c4 Nf6 25. Qd3 Nh7 26. Ng3 Rf7 27. Be3 Qe6 28. Ne4 Rd8 29. Rd2 Nf6 30. Nxf6 Rxf6
31. Qd5 Qxd5 32. cxd5 Rd7 33. Rdc2 Rf7 34. Rc7 Bf6 35. Bb6 Kh7 36. Kf2 Kg6 37. g3 e4 38. f4 Kf5 39. Ke3 g5 40. Rxd7 Rxd7
41. Bd4 Bxd4+ 42. Kxd4 gxf4 43. gxf4 Re7 44. h3 e3
0-1

[Event "Statler & Waldorf Summer Special"]
[Site "SchemingMind.com"]
[Date "2016.07.26"]
[Round "-"]
[White "dadshane2000"]
[Black "Michael Mollenhauer"]
[Result "1-0"]
[WhiteCountry "USA"]
[BlackCountry "GER"]
[WhiteElo "1903"]
[WhiteRD "83"]
[BlackElo "1488"]
[BlackRD "114"]
[GameID "401783"]

1. e4 e5 2. Nf3 Nc6 3. Bc4 Bc5 4. b4 Bxb4 5. c3 Ba5 6. d4 exd4 7. O-O Nge7 8. Ng5 d5 9. exd5 Ne5 10. Bb3 dxc3
11. Qd4 f6 12. Ne4 O-O 13. Qa4 Bb6 14. d6+ Kh8 15. dxe7 Qxe7 16. Ba3 Qd8 17. Bxf8 Qxf8 18. Kh1 Bd7 19. Qa3 Qxa3 20. Nxa3 Bd4
21. Nc4 Nxc4 22. Bxc4 Re8 23. f3 Bf5 24. Bd3 a5 25. Rac1 Bxe4 26. Bxe4 b6 27. Rfe1 g6 28. Bc6 Rxe1+ 29. Rxe1 Be5 30. g3 g5
31. Kg2 Kg7 32. Kf2 Bd6 33. Ke3 Bb4 34. Rc1 Kf7 35. Kd3 Kg6 36. a3 Bxa3 37. Rxc3 Bc5 38. g4 h6 39. Ke4 Bd6 40. h3 Be5
41. Rc4 h5 42. Bd7 h4 43. Be6 Bd6 44. Kd5 Be5 45. Kc6 Kg7 46. Kb7 Kf8 47. Rxc7 Bxc7 48. Kxc7
1-0

[Event "Statler & Waldorf Summer Special"]
[Site "SchemingMind.com"]
[Date "2016.07.28"]
[Round "-"]
[White "DANDYLIONHONEYBADGER"]
[Black "Chessibelle"]
[Result "1-0"]
[WhiteCountry "USA"]
[BlackCountry "ENG"]
[WhiteElo "1331"]
[WhiteRD "62"]
[BlackElo "1152"]
[BlackRD "65"]
[GameID "401847"]

1. Nc3 e5 2. Nf3 Nc6 3. e4 d6 4. Bc4 h6 5. O-O g5 6. a3 Bg7 7. d3 Nge7 8. b4 Ng6 9. g3 Qd7 10. Nd5 O-O
11. Kh1 f6 12. Bd2 f5 13. Nf6+
1-0

[Event "Statler & Waldorf Summer Special"]
[Site "SchemingMind.com"]
[Date "2016.07.28"]
[Round "-"]
[White "Chessibelle"]
[Black "DANDYLIONHONEYBADGER"]
[Result "1-0"]
[WhiteCountry "ENG"]
[BlackCountry "USA"]
[WhiteElo "1145"]
[WhiteRD "62"]
[BlackElo "1337"]
[BlackRD "66"]
[GameID "401848"]

1. Nf3 Nc6 2. Nc3 Nf6 3. e4 e5 4. b3 a6 5. Bb2 b5 6. a3 Bd6 7. Be2 Nd4 8. Nxd4 exd4 9. Nd5 Nxd5 10. c3 Nf4
11. cxd4 Nxe2 12. d5 Nf4 13. Qg4 Nd3+ 14. Kf1 Nxb2 15. Qxg7 Ke7 16. Qxb2 f6 17. f3 Rf8 18. d3 c6 19. Kf2 Qc7 20. g3 Rg8
21. f4 h5 22. Qe2 Bc5+ 23. Kg2 h4 24. Qh5 d6 25. Qh7+ Kf8 26. Qxc7 h3+ 27. Kf1 Bg4 28. Ke1 Bf3 29. Qxc6 Kg7 30. Qd7+ Kh8
31. Qxh3+ Kg7 32. g4 Bxh1 33. Kd2 Rh8 34. Qg3 Bxe4 35. dxe4 Rac8 36. g5 Rhg8 37. gxf6+ Kxf6 38. Qh4+ Kf7 39. Qh7+ Kf8 40. Qf5+ Kg7
41. Rg1+ Bxg1 42. e5 Rcf8 43. Qd7+ Rf7 44. Qxd6 Rxf4 45. e6 Rf2+ 46. Kc3 Rf3+ 47. Kb4 Kh8 48. Qe5+ Rg7 49. Qh5+ Rh7 50. Qe8+ Kg7
51. Qe7+ Kg6 52. Qd6 Rh4+ 53. Ka5 Rhh3 54. e7+ Rf6 55. e8=Q+ Kg5 56. Qg8+ Kf5 57. Qd7+
1-0

[Event "Statler & Waldorf Summer Special"]
[Site "SchemingMind.com"]
[Date "2016.07.27"]
[Round "-"]
[White "berns"]
[Black "kenneth m day"]
[Result "1/2-1/2"]
[WhiteCountry "ENG"]
[BlackCountry "USA"]
[WhiteElo "1663"]
[WhiteRD "80"]
[BlackElo "1705"]
[BlackRD "56"]
[GameID "401873"]

1. d4 Nf6 2. Nc3 h6 3. b3 d5 4. Bb2 Bf5 5. e3 e6 6. Bd3 Bxd3 7. cxd3 Bb4 8. Nf3 Nc6 9. O-O O-O 10. e4 dxe4
11. dxe4 Bxc3 12. Bxc3 Nxe4 13. Qd3 Nxc3 14. Qxc3 Qd5 15. Rad1 Rad8 16. Rfe1 Rfe8 17. a4 Qh5 18. b4 a6 19. b5 axb5 20. axb5 Qxb5
21. Rb1 Qa5 22. Qxa5 Nxa5 23. Ra1 Nc6 24. Rab1 b6 25. Red1 Na5 26. Rdc1 Re7 27. g4 Nb7 28. h4 f6 29. Kg2 Kf7 30. Kg3 g6
31. Rd1 Nd6 32. Re1 Nc4 33. Rb3 Na5 34. Rbb1 Nc4 35. Rb4 Nd6 36. Kh3 Ra8 37. Re2 Ra3 38. Kg3 e5 39. dxe5 Rxe5 40. Rxe5 fxe5
41. Kg2 Ke6 42. Rb2 Rc3 43. Re2 e4 44. Nd2 Kd5 45. Nb1 Rd3 46. Nd2 c5 47. f3 exf3+ 48. Nxf3 Ne4 49. Rb2 Kc4 50. Ne5+ Kd4
51. Nxd3 Kxd3 52. Kf1 Nd2+ 53. Ke1 Nc4 54. Ra2 b5 55. Kd1 b4 56. Kc1 b3 57. Ra6 Ne5 58. g5 hxg5 59. hxg5 c4 60. Re6 Kd4
61. Kb2 Kd5 62. Rf6 Kd4 63. Rd6+ Kc5 64. Rd8 Kb4 65. Rb8+ Kc5 66. Kc3 Nf3 67. Rg8=
1/2-1/2

[Event "Statler & Waldorf Summer Special"]
[Site "SchemingMind.com"]
[Date "2016.07.31"]
[Round "-"]
[White "kenneth m day"]
[Black "berns"]
[Result "1-0"]
[WhiteCountry "USA"]
[BlackCountry "ENG"]
[WhiteElo "1724"]
[WhiteRD "54"]
[BlackElo "1643"]
[BlackRD "79"]
[GameID "401874"]

1. e4 e5 2. f4 exf4 3. Nf3 g5 4. h4 g4 5. Ne5 d6 6. Nxg4 h5 7. Nf2 Nc6 8. d4 Bh6 9. Nc3 Qf6 10. e5 dxe5
11. Be2 Be6 12. d5 Bxd5 13. Nxd5 Qd6 14. Ne4 Qd7 15. Nef6+
1-0

[Event "Statler & Waldorf Summer Special"]
[Site "SchemingMind.com"]
[Date "2016.07.27"]
[Round "-"]
[White "zeksky"]
[Black "Marco_M"]
[Result "0-1"]
[WhiteCountry "CRO"]
[BlackCountry "ITA"]
[WhiteElo "1588"]
[WhiteRD "124"]
[BlackElo "2131"]
[BlackRD "138"]
[GameID "401916"]

1. e4 c5 2. Nf3 Nc6 3. Bc4 g6 4. O-O Bg7 5. c3 e6 6. d4 d5 7. exd5 exd5 8. Bb5 cxd4 9. Bxc6+ bxc6 10. Nxd4 Ne7
11. Bg5 f6 12. Bh4 O-O 13. Re1 c5 14. Ne6 Bxe6 15. Rxe6 Nf5 16. Qg4 Re8 17. Rxe8+ Qxe8 18. Nd2 h5 19. Qh3 Qe2 20. Nb3 Qxb2
21. Qf3 Rd8 22. Rd1 Nxh4 23. Qh3 Qe2 24. Ra1 Qg4 25. Qxg4 hxg4 26. Nxc5 Rc8 27. Nd3 Rxc3 28. Nf4 d4 29. g3 Nf3+ 30. Kg2 d3
31. Rd1 d2 32. Ne2 Rc2 33. h3 Ne1+ 34. Kh2 gxh3 35. Kxh3 Nd3 36. Kg2 Nb2 37. Nd4 Nxd1 38. Nxc2 Nc3 39. Ne3 Bh6 40. f4 g5
41. Kf3 gxf4 42. gxf4 Bxf4 43. Kxf4 Nd5+
0-1

[Event "Statler & Waldorf Summer Special"]
[Site "SchemingMind.com"]
[Date "2016.07.27"]
[Round "-"]
[White "Marco_M"]
[Black "zeksky"]
[Result "1-0"]
[WhiteCountry "ITA"]
[BlackCountry "CRO"]
[WhiteElo "2128"]
[WhiteRD "135"]
[BlackElo "1500"]
[BlackRD "143"]
[GameID "401917"]

1. e4 e5 2. Nf3 Nc6 3. Bb5 Nf6 4. O-O Bc5 5. c3 O-O 6. d4 exd4 7. cxd4 Bb6 8. Bg5 d6 9. a4 h6 10. Bxf6 Qxf6
11. Bxc6 bxc6 12. a5 Bxd4 13. Qxd4 Qg6 14. Ra3 Bb7 15. Nh4 Qg4 16. Rg3 c5 17. Qc3 Qxg3 18. Qxg3 Bxe4 19. Nc3 Bc2 20. Rc1 Bh7
21. Nd5 Rab8 22. Ne7+ Kh8 23. Nhf5 Bxf5 24. Nxf5 Rg8 25. Qh3 Rge8 26. b3 Re6 27. g4 Rb5 28. Kh1 Rb4 29. g5 Kh7 30. gxh6 g6
31. Qc3 f6 32. Ng7 Ree4 33. Qxf6 Rf4 34. Nf5
1-0

[Event "Statler & Waldorf Summer Special"]
[Site "SchemingMind.com"]
[Date "2016.08.01"]
[Round "-"]
[White "Wojtek26"]
[Black "pmdpsp"]
[Result "0-1"]
[WhiteCountry "POL"]
[BlackCountry "GER"]
[WhiteElo "1571"]
[WhiteRD "51"]
[BlackElo "1854"]
[BlackRD "88"]
[GameID "401956"]

1. d4 g6 2. Nf3 Bg7 3. e3 d5 4. Bd3 c5 5. O-O c4 6. Be2 e6 7. c3 Bd7 8. Nbd2 b5 9. b4 Nc6 10. Bb2 a5
11. a3 a4 12. h3 Qe7 13. Qc2 O-O-O 14. Nh2 e5 15. Bf3 e4 16. Bg4 f5 17. Be2 h5 18. Rfe1 g5 19. f3 Rf8 20. Rf1 Nh6
21. fxe4 fxe4 22. Bxh5 g4 23. Rxf8+ Bxf8 24. Bxg4 Nxg4 25. Nxg4 Bxg4 26. hxg4 Qh4 27. Kf1 Bd6 28. Qd1 Rf8+ 29. Kg1 Qf2+
0-1

[Event "Statler & Waldorf Summer Special"]
[Site "SchemingMind.com"]
[Date "2016.07.31"]
[Round "-"]
[White "pmdpsp"]
[Black "Wojtek26"]
[Result "1-0"]
[WhiteCountry "GER"]
[BlackCountry "POL"]
[WhiteElo "1854"]
[WhiteRD "88"]
[BlackElo "1571"]
[BlackRD "51"]
[GameID "401957"]

1. c4 e5 2. Nc3 Nf6 3. a3 Be7 4. d4 exd4 5. Qxd4 Nc6 6. Qd1 O-O 7. Nd5 d6 8. e3 Bf5 9. Bd3 Bxd3 10. Qxd3 Ne5
11. Qd4 c5 12. Nxf6+ Bxf6 13. Qd5 Qc7 14. Rb1 Rfe8 15. Nf3 Nxf3+ 16. Qxf3 b6 17. O-O Rac8 18. b3 Re6 19. Rd1 Be5 20. Qd5 Qc6
21. Bb2 Bxb2 22. Rxb2 Qxd5 23. Rxd5 Kf8 24. Kf1 Ke7 25. a4 a5 26. Re2 f6 27. f4 Kf7 28. f5 Re5 29. e4 Ke7 30. Kf2 Kd7
31. h4 Rce8 32. Kf3 h6 33. g4 Rxd5 34. cxd5 Rc8 35. Rc2 Re8 36. g5 hxg5 37. hxg5 Rh8 38. gxf6 gxf6 39. Rg2 Rh3+ 40. Rg3 Rh7
41. Rg6 Ke7 42. Rg3 Kf7= 43. Ke3 Rh1 44. Kd3 Rb1 45. Kc4 Kf8 46. Kb5 Re1 47. Kxb6 Rxe4 48. Kxa5 Re5 49. Rd3 Rxf5 50. Kb5 Rf1
51. a5 Ra1 52. a6 f5 53. Kb6 Ra4 54. bxa4
1-0

[Event "Statler & Waldorf Summer Special"]
[Site "SchemingMind.com"]
[Date "2016.07.29"]
[Round "-"]
[White "wight knight"]
[Black "Holty"]
[Result "0-1"]
[WhiteCountry "ENG"]
[BlackCountry "ENG"]
[WhiteElo "1353"]
[WhiteRD "65"]
[BlackElo "1785"]
[BlackRD "65"]
[GameID "401988"]

1. e4 e6 2. Bc4 d5 3. exd5 exd5 4. Bb3 Nf6 5. f3 Be6 6. d4 Bd6 7. Bg5 Nbd7 8. Bxf6 Nxf6 9. Ne2 c6 10. g3 Qd7
11. Nf4 g5 12. Nxe6 Qxe6+ 13. Qe2 Qxe2+ 14. Kxe2 O-O-O 15. Nc3 Rde8+ 16. Kd3 Re6 17. Rhe1 Rhe8 18. Rxe6 fxe6 19. Rh1 h5 20. h4 g4
21. fxg4 Nxg4 22. Rf1 Bxg3 23. a4 Bxh4 24. Rh1 Nf2+ 25. Kd2 Nxh1 26. a5 Bg5+ 27. Kd1 Ng3 28. a6 b5 29. Nb1 Rf8 30. Nd2 Bxd2
31. Kxd2 h4 32. c3 h3 33. Bd1 h2 34. Bg4 Kd7 35. b4 h1=Q 36. c4 Ne4+ 37. Kd3 Nf2+ 38. Kc3 Nxg4 39. cxb5 Rf3+
0-1

[Event "Statler & Waldorf Summer Special"]
[Site "SchemingMind.com"]
[Date "2016.07.29"]
[Round "-"]
[White "Holty"]
[Black "wight knight"]
[Result "1-0"]
[WhiteCountry "ENG"]
[BlackCountry "ENG"]
[WhiteElo "1785"]
[WhiteRD "65"]
[BlackElo "1353"]
[BlackRD "65"]
[GameID "401989"]

1. d4 Nc6 2. Nf3 f6 3. e4 d6 4. Nc3 Bg4 5. Be2 Bxf3 6. Bxf3 e5 7. d5 Nd4 8. Be2 Nxe2 9. Qxe2 Qd7 10. Be3 c6
11. O-O cxd5 12. Nxd5 Ne7 13. Qd2 Nxd5 14. Qxd5 h5 15. a4 a5 16. b3 h4 17. h3 g5 18. f3 Bh6 19. Rad1 g4 20. Bxh6 Rxh6
21. Qg8+ Ke7 22. Qg7+ Ke6 23. Qxh6 Rc8 24. c4 gxh3 25. Qxh4 hxg2 26. Qh3+ Ke7 27. Qxd7+ Kxd7 28. Kxg2 Kc6 29. Rh1 Kc5 30. Rh7 b6
31. Rf7 Rg8+ 32. Kf2 Kb4 33. Rxd6 Rb8 34. Rfxf6 Kxb3 35. Rxb6+ Rxb6 36. Rxb6+ Kxc4 37. Rb5 Kc3 38. Rxa5
1-0

[Event "Statler & Waldorf Summer Special"]
[Site "SchemingMind.com"]
[Date "2016.08.01"]
[Round "-"]
[White "Scooter"]
[Black "fu_manchu"]
[Result "1/2-1/2"]
[WhiteCountry "USA"]
[BlackCountry "CAN"]
[WhiteElo "1738"]
[WhiteRD "54"]
[BlackElo "1821"]
[BlackRD "68"]
[GameID "402092"]

1. d4 Nf6 2. Nf3 e6 3. Bg5 c5 4. e3 Be7 5. Be2 O-O 6. O-O d5 7. c3 Nc6 8. Nbd2 Qb6 9. Qb3 Qxb3 10. axb3 cxd4
11. exd4 Bd7 12. Bb5 a6 13. Bxc6 Bxc6 14. Ne5 h6 15. Nxc6 bxc6 16. Bxf6 Bxf6 17. Rfe1 a5 18. Ra4 Rfb8 19. Rea1 Bg5 20. Nf3 Rxb3
21. Nxg5 hxg5 22. Rxa5 Rxa5 23. Rxa5 Rxb2 24. g4 g6 25. Ra6 Rc2 26. Rxc6 Kg7 27. Kg2 Re2 28. h3 f5 29. Kf3 Re1 30. c4 dxc4
31. Rxc4 Kf6 32. Rc6 Rd1 33. Ke3 Ke7 34. gxf5 gxf5 35. f3 Kf6 36. Rb6 f4+ 37. Ke4 Re1+ 38. Kd3 Re3+ 39. Kd2 Rxf3 40. d5 Ra3
41. Rxe6+ Kf7 42. Rh6 Kg7 43. Rh5 Kg6 44. Rh8 Kf6 45. d6 Ra7 46. Ke2 Rd7 47. Rh6+ Kf5 48. Kf3 Rb7 49. Kf2 Rb2+ 50. Kf3 Rd2
51. Rh8 Rxd6 52. Rf8+ Rf6 53. Re8 Rh6 54. Rf8+ Kg6 55. Rg8+ Kh5 56. Rg7 Rh8 57. Re7 Rb8 58. Rh7+ Kg6 59. Re7 Rb3+ 60. Kg2 Rg3+
61. Kh2 Kf5 62. Re8 g4 63. hxg4+ Kxg4 64. Rg8+ Kf3 65. Rxg3+ fxg3+ 66. Kh1=
1/2-1/2

[Event "Statler & Waldorf Summer Special"]
[Site "SchemingMind.com"]
[Date "2016.08.02"]
[Round "-"]
[White "fu_manchu"]
[Black "Scooter"]
[Result "1-0"]
[WhiteCountry "CAN"]
[BlackCountry "USA"]
[WhiteElo "1821"]
[WhiteRD "68"]
[BlackElo "1738"]
[BlackRD "54"]
[GameID "402093"]

1. e4 c6 2. d4 d5 3. Nc3 dxe4 4. Nxe4 Bf5 5. Ng3 Bg6 6. Nf3 Nd7 7. Bd3 Bxd3 8. Qxd3 Qc7 9. O-O O-O-O 10. c4 Ngf6
11. Ng5 Ng4 12. Nxf7 Nge5 13. Nxe5 Nxe5 14. Qc3 Ng4 15. h3 Nf6 16. b4 g6 17. Qe3 Bg7 18. Bb2 Rhe8 19. d5 Nh5 20. Bxg7 Nxg7
21. dxc6 bxc6 22. a4 Nf5 23. Nxf5 gxf5 24. b5 c5 25. a5 Rd4 26. Qb3 e5 27. b6 axb6 28. axb6 Qb7 29. Ra7 Qb8 30. Rfa1 Qd6
31. b7+
1-0

[Event "Statler & Waldorf Summer Special"]
[Site "SchemingMind.com"]
[Date "2016.08.05"]
[Round "-"]
[White "sicilianchameleon"]
[Black "Carl Lenox"]
[Result "1-0"]
[WhiteCountry "USA"]
[BlackCountry "CAN"]
[WhiteElo "1662"]
[WhiteRD "245"]
[BlackElo "1337"]
[BlackRD "98"]
[GameID "402152"]

1. d4 g6 2. c4 Nf6 3. Nf3 Bg7 4. g3 O-O 5. Bg2 d6 6. O-O a6 7. Nc3 c6 8. e4 b5 9. e5 dxe5 10. Nxe5 b4
11. Nxc6 Qc7 12. Bf4 Qxc6 13. Bxc6
1-0

[Event "Statler & Waldorf Summer Special"]
[Site "SchemingMind.com"]
[Date "2016.08.07"]
[Round "-"]
[White "Carl Lenox"]
[Black "sicilianchameleon"]
[Result "0-1"]
[WhiteCountry "CAN"]
[BlackCountry "USA"]
[WhiteElo "1185"]
[WhiteRD "74"]
[BlackElo "1701"]
[BlackRD "224"]
[GameID "402153"]

1. e4 d6 2. d4 Nf6 3. Bd3 g6 4. Nf3 Bg7 5. c3 O-O 6. a3 Nbd7 7. b4 b6 8. c4 e5 9. d5 Nh5 10. O-O Nf4
11. b5 Nc5 12. g3 g5 13. Bc2 Nh3+ 14. Kg2 f5 15. Kxh3 fxe4+ 16. Kg2 Bh3+ 17. Kxh3 exf3 18. Nc3 g4+ 19. Kxg4 Qd7+ 20. Kh4 Bf6+
21. Bg5 Bxg5+ 22. Kxg5 Qg7+
0-1

[Event "Statler & Waldorf Summer Special"]
[Site "SchemingMind.com"]
[Date "2016.08.03"]
[Round "-"]
[White "William Lindberg"]
[Black "DHall"]
[Result "0-1"]
[WhiteCountry "USA"]
[BlackCountry "ENG"]
[WhiteElo "2451"]
[WhiteRD "74"]
[BlackElo "2281"]
[BlackRD "77"]
[GameID "402158"]

1. c4 Nf6 2. d4 c5 3. d5 e6 4. Nc3 exd5 5. cxd5 d6 6. e4 g6 7. Nf3 Bg7 8. Be2 O-O 9. O-O Re8 10. Nd2 Nbd7
11. a4 Ne5 12. h3 g5 13. Re1 h6 14. Nf1 Ng6 15. Ng3 a6 16. Bd2 b6 17. Rb1 Nd7 18. Nf5 Nde5 19. Nxg7 Kxg7 20. Qc2 Kg8
21. Nd1 Bd7 22. Ne3 Nf4 23. Bg4 Nxg4 24. hxg4 b5 25. Nf5 Bxf5 26. gxf5 c4 27. Re3 f6 28. b3 Rc8 29. Bc3 Qe7 30. g3 Nd3
31. bxc4 bxc4 32. Qxd3 cxd3 33. Be1 Qd7 34. Rb4 Rc1 35. Kg2 Qc8 36. Bd2 Rd1 37. Rb2 Qc4 38. Re1 Rxe1 39. Rb4 Qxb4 40. Bxb4 R8xe4
41. Ba5 g4 42. Bd2 R4e2 43. Bxe1 Rxe1
0-1

[Event "Statler & Waldorf Summer Special"]
[Site "SchemingMind.com"]
[Date "2016.08.03"]
[Round "-"]
[White "DHall"]
[Black "William Lindberg"]
[Result "0-1"]
[WhiteCountry "ENG"]
[BlackCountry "USA"]
[WhiteElo "2281"]
[WhiteRD "77"]
[BlackElo "2451"]
[BlackRD "74"]
[GameID "402159"]

1. e4 e5 2. Nf3 Nc6 3. Bb5 a6 4. Ba4 Nf6 5. O-O Be7 6. d3 b5 7. Bb3 O-O 8. Bd5 Nxd5 9. exd5 Nd4 10. Nxe5 Bb7
11. Nf3 Bc5 12. c3 Nxf3+ 13. Qxf3 Bd6 14. Be3 Qe7 15. g3 f5 16. c4 Qf6 17. Nc3 f4 18. Bxf4 Bxf4 19. Qxf4 Qxf4 20. gxf4 Rxf4
21. Rae1 Rd4 22. Re7 Rd8 23. Rfe1 bxc4 24. dxc4 Rxc4 25. f3 Rd4 26. R1e4 Rxe4 27. Rxe4 Rf8 28. Rb4 Ba8 29. Kf2 Rc8 30. Re4 Kf7
31. Ke3 h6 32. b4 g5 33. a3 Rg8 34. Kd4 Rg6 35. f4 Bb7 36. fxg5 Rxg5 37. Rf4+ Ke7 38. Rh4 Rg6 39. Re4+ Kf7 40. a4 Rg5
41. Rf4+ Ke7 42. Rh4= h5 43. Rh3 d6 44. Rg3 Rxg3 45. hxg3 Kf6 46. Ke4 Kg5 47. Kd4 Kg4 48. Ne2 Kf3
0-1

[Event "Statler & Waldorf Summer Special"]
[Site "SchemingMind.com"]
[Date "2016.08.07"]
[Round "-"]
[White "emvarela"]
[Black "fanfan_la_Tulipe"]
[Result "0-1"]
[WhiteCountry "ARG"]
[BlackCountry "AUT"]
[WhiteElo "1710"]
[WhiteRD "54"]
[BlackElo "2089"]
[BlackRD "76"]
[GameID "402251"]

1. e4 e5 2. Nf3 Nc6 3. Bb5 a6 4. Bxc6 dxc6 5. O-O Qd6 6. d3 Ne7 7. Nbd2 Ng6 8. Nc4 Qf6 9. Bg5 Qe6 10. Qd2 f6
11. Be3 Be7 12. b3 O-O 13. c3 b5 14. Na5 c5 15. d4 exd4 16. cxd4 Qxe4 17. Rfe1 Bg4 18. dxc5 Bxf3 19. gxf3 Qxf3 20. Qe2 Qxe2
21. Rxe2 Rfe8 22. Rae1 Ne5 23. Kg2 Nd3 24. Rd1 Nxc5 25. Rc2 Ne6 26. Nc6 Bd6 27. Nd4 Nxd4 28. Bxd4 Re4 29. h3 Rae8 30. Be3 f5
31. Rd4 Kf7 32. Rcd2 f4 33. Rxe4 Rxe4 34. Bd4 g5 35. Kf3 Re1 36. Bb2 h5 37. Kg2 g4 38. hxg4 hxg4 39. Bd4 f3#
0-1